Understanding biology / (Record no. 15878)

000 -LEADER
fixed length control field 00490cam a2200181 a 4500
020 ## - INTERNATIONAL STANDARD BOOK NUMBER
ISBN 0697263274
020 ## - INTERNATIONAL STANDARD BOOK NUMBER
ISBN 0697222136 (cover)
040 ## - CATALOGING SOURCE
Transcribing agency DLC
082 00 - DEWEY DECIMAL CLASSIFICATION NUMBER
Classification number 574 WMC 1995 A081 Or.
100 1# - MAIN ENTRY--AUTHOR NAME
Personal name Raven, Peter H.
245 10 - TITLE STATEMENT
Title Understanding biology /
250 ## - EDITION STATEMENT
Edition statement 3rd ed.
260 ## - PUBLICATION, DISTRIBUTION, ETC. (IMPRINT)
Place of publication Dubuque, IA :
Name of publisher Wm. C. Brown Publishers,
Year of publication c1995.
300 ## - PHYSICAL DESCRIPTION
Number of Pages 1 v. (various pagings) :
Other physical details chiefly col. ill., maps ;
Dimensions 29 cm.
650 #0 - SUBJECT ADDED ENTRY--TOPICAL TERM
Topical Term Biology.
700 1# - ADDED ENTRY--PERSONAL NAME
Personal name Johnson, George B.
942 ## - ADDED ENTRY ELEMENTS (KOHA)
Koha item type សៀវភៅភាសាអង់គ្លេស
952 ## - LOCATION AND ITEM INFORMATION (KOHA)
Withdrawn status [LOCAL, KOHA] 0
Holdings
Permanent Location Date acquired Koha item type Lost status Shelving location Barcode Current Location Full call number
Library Block A2017-12-15សៀវភៅភាសាអង់គ្លេស A081A10122Library Block A574 WMC 1995 A081 Or.
មជ្ឈមណ្ឌលឯការនៃសាកលវិទ្យាល័យភូមិន្ទកសិកម្មចំការដូង

Powered by Koha